ბათუმის შოთა რუსთაველის სახელმწიფო უნივერსიტეტის ბიბლიოთეკა

Матрицы и вычисления (ბიბ.ჩანაწერი № 48232)

000 -LEADER
fixed length control field 00531nam a2200205Ia 4500
001 - CONTROL NUMBER
control field 15116
003 - CONTROL NUMBER IDENTIFIER
control field GE_BSU
008 - FIXED-LENGTH DATA ELEMENTS--GENERAL INFORMATION
fixed length control field 181216s||||||||xx |||||||||||||| ||und||
040 ## - CATALOGING SOURCE
Transcribing agency GE_BSU
080 ## - UNIVERSAL DECIMAL CLASSIFICATION NUMBER
Universal Decimal Classification number 519.6+512.643
100 ## - MAIN ENTRY--PERSONAL NAME
Personal name Воеводин,В,В,
245 ## - TITLE STATEMENT
Title Матрицы и вычисления
245 ## - TITLE STATEMENT
Statement of responsibility, etc. Ред:Е.Е.Тыртышиников
260 ## - PUBLICATION, DISTRIBUTION, ETC.
Place of publication, distribution, etc. Москва
260 ## - PUBLICATION, DISTRIBUTION, ETC.
Name of publisher, distributor, etc. Наука
260 ## - PUBLICATION, DISTRIBUTION, ETC.
Date of publication, distribution, etc. 1984
300 ## - PHYSICAL DESCRIPTION
Extent 318стр,22см
653 ## - INDEX TERM--UNCONTROLLED
Uncontrolled term Матрицы и вычисления
942 ## - ADDED ENTRY ELEMENTS (KOHA)
Koha item type წიგნი
ეგზემპლარები
Withdrawn status Lost status Damaged status Not for loan Date acquired Barcode Date last seen Price effective from Koha item type
        2018-12-17 17906 2018-12-17 2018-12-17 წიგნი
        2018-12-17 15538 2018-12-17 2018-12-17 წიგნი